00809nam a2200253Ia 4500008004100000020001500041040001800056041000800074060001200082100001800094245010400112250001200216260005100228300007000279504003800349650003100387650001500418650001600433650001600449700003100465700002100496700002400517765001400541130821s1995 mx ao gr spa  a968252122x aCo-BoUCMbspa00aspa aQZ 4251 aKurman, Vinay10aPatologíacVinay Kurman, Ramzi S. Contran, Stanley L. Robbins; traducción de Hermelinda Acuña a5a. Ed. aMéxico D.F. (México)bInteramericanac1995 axii, 797 páginasbilustraciones, cuadros, tablas, fotografías aIncluye bibliografía e índice04aEnfermedades transmisibles04aGenética04aInfecciones04aPatología1 aAcuña, Hermelindaetrad.1 aCotran, Ramzi S.1 aRobbins, Stanley L.10aPathology